Normal view
MARC view
- Borwein, Jonathan M.
Entry Meeting Name
001 - CONTROL NUMBER
- control field: 64491
003 - CONTROL NUMBER IDENTIFIER
- control field: OSt
005 - DATE AND TIME OF LATEST TRANSACTION
- control field: 20250113161959.0
008 - FIXED-LENGTH DATA ELEMENTS
- fixed length control field: 250113|| aca||aabn | a|a d
040 ## - CATALOGING SOURCE
- Original cataloging agency: OSt
111 ## - HEADING--MEETING NAME
- Meeting name or jurisdiction name as entry element: Borwein, Jonathan M.
- Relator term: author.
